The power of ideology/ (Record no. 35294)

000 -LEADER
fixed length control field 00382nam a22001571a 4500
020 ## - INTERNATIONAL STANDARD BOOK NUMBER
ISBN 9788170742760
082 ## - DEWEY DECIMAL CLASSIFICATION NUMBER
Classification number 301
Item number IST/P
100 ## - MAIN ENTRY--AUTHOR NAME
Personal name Istvan Meszaros
245 ## - TITLE STATEMENT
Title The power of ideology/
Statement of responsibility, etc by Istvan Meszaros
260 ## - PUBLICATION, DISTRIBUTION, ETC. (IMPRINT)
Place of publication Kolkata:
Name of publisher K P Bagchi,
Year of publication 2004.
300 ## - PHYSICAL DESCRIPTION
Number of Pages 556p.
650 ## - SUBJECT ADDED ENTRY--TOPICAL TERM
Topical Term Political Sociology
650 ## - SUBJECT ADDED ENTRY--TOPICAL TERM
Topical Term Ideology
650 ## - SUBJECT ADDED ENTRY--TOPICAL TERM
Topical Term Social Sciences
942 ## - ADDED ENTRY ELEMENTS (KOHA)
Koha item type Book
Holdings
Withdrawn status Lost status Damaged status Not for loan Permanent Location Current Location Date acquired Cost, normal purchase price Full call number Accession Number Cost, replacement price Price effective from Koha item type
        Sree Sankaracharya University of Sanskrit Sree Sankaracharya University of Sanskrit 08.01.2015 500.00 301 IST/P 048218 0.00 08.01.2015 Book